<?xml version="1.0" encoding="UTF-8"?>
<record
    xmlns:xsi="http://www.w3.org/2001/XMLSchema-instance"
    xsi:schemaLocation="http://www.loc.gov/MARC21/slim http://www.loc.gov/standards/marcxml/schema/MARC21slim.xsd"
    xmlns="http://www.loc.gov/MARC21/slim">

  <leader>01422    a2200229   4500</leader>
  <controlfield tag="001">44000</controlfield>
  <controlfield tag="005">20260407155720.0</controlfield>
  <controlfield tag="008">260407a2015    arg                 spa d</controlfield>
  <controlfield tag="003">AR-UNSa-BCEJYS</controlfield>
  <datafield tag="040" ind1=" " ind2=" ">
    <subfield code="a">AR-UNSa-BCEJYS</subfield>
    <subfield code="b">spa</subfield>
    <subfield code="c">AR-UNSa-BCEJYS</subfield>
  </datafield>
  <datafield tag="080" ind1=" " ind2=" ">
    <subfield code="a">303.4</subfield>
    <subfield code="x">Tipos de investigaci&#xF3;n. estrategias de investigaci&#xF3;n. dise&#xF1;o de la investigaci&#xF3;n social</subfield>
  </datafield>
  <datafield tag="245" ind1="1" ind2="0">
    <subfield code="a">La evaluaci&#xF3;n cualitativa. Una oportunidad de aprendizaje social</subfield>
    <subfield code="p">Perspectivas metodol&#xF3;gicas. Aplicaciones en programas y proyectos sociales y educativos</subfield>
  </datafield>
  <datafield tag="020" ind1=" " ind2=" ">
    <subfield code="a">978-987-538-420-0</subfield>
  </datafield>
  <datafield tag="264" ind1=" " ind2="1">
    <subfield code="a">Buenos Aires :</subfield>
    <subfield code="b">Noveduc</subfield>
    <subfield code="c">2015</subfield>
  </datafield>
  <datafield tag="300" ind1=" " ind2=" ">
    <subfield code="a">128 p.</subfield>
    <subfield code="c">28 cm.</subfield>
  </datafield>
  <datafield tag="505" ind1=" " ind2=" ">
    <subfield code="a">Cap&#xED;tulo 1: Luces y sombras de la evaluaci&#xF3;n. La evaluaci&#xF3;n cualitativa de programas y proyectos socioeducativos/ Graciela Cardarelli - Cap&#xED;tulo 2: Algunas reflexiones sobre las estrategias evaluativas para programas gestionados desde el Estado/ Josette Brawerman, Liliana Raggio y Violeta Ruiz - Cap&#xED;tulo 3: Evaluaci&#xF3;n diagn&#xF3;stica sobre servicios de salud de una organizaci&#xF3;n no gubernamental para sus asociadas/ Olga Nirenberg - Cap&#xED;tulo 4: La evaluaci&#xF3;n del proceso del proceso de gesti&#xF3;n de un proyecto social/ Mario C. Robirosa </subfield>
  </datafield>
  <datafield tag="041" ind1=" " ind2=" ">
    <subfield code="a">spa</subfield>
  </datafield>
  <datafield tag="942" ind1=" " ind2=" ">
    <subfield code="c">BK</subfield>
  </datafield>
  <datafield tag="590" ind1=" " ind2=" ">
    <subfield code="a">niveau_biblio:m niveau_hierar:0</subfield>
  </datafield>
  <datafield tag="100" ind1="1" ind2=" ">
    <subfield code="a">Cardarelli, Graciela</subfield>
  </datafield>
  <datafield tag="856" ind1="4" ind2="1">
    <subfield code="u">https://biblioeco.unsa.edu.ar/pmb/images/libros/L126874.jpg</subfield>
    <subfield code="y">Imagen de portada</subfield>
    <subfield code="q">image/jpeg</subfield>
  </datafield>
  <datafield tag="999" ind1=" " ind2=" ">
    <subfield code="c">3769</subfield>
    <subfield code="d">3769</subfield>
  </datafield>
  <datafield tag="952" ind1=" " ind2=" ">
    <subfield code="0">0</subfield>
    <subfield code="1">0</subfield>
    <subfield code="4">0</subfield>
    <subfield code="7">0</subfield>
    <subfield code="a">BCEJYS</subfield>
    <subfield code="b">BCEJYS</subfield>
    <subfield code="c">16</subfield>
    <subfield code="d">2026-04-07</subfield>
    <subfield code="l">0</subfield>
    <subfield code="o">P303.4 C266</subfield>
    <subfield code="p">L126874</subfield>
    <subfield code="r">2026-04-07 15:57:20</subfield>
    <subfield code="w">2026-04-07</subfield>
    <subfield code="y">L</subfield>
  </datafield>
  <datafield tag="952" ind1=" " ind2=" ">
    <subfield code="0">0</subfield>
    <subfield code="1">0</subfield>
    <subfield code="4">0</subfield>
    <subfield code="7">0</subfield>
    <subfield code="a">BCEJYS</subfield>
    <subfield code="b">BCEJYS</subfield>
    <subfield code="c">16</subfield>
    <subfield code="d">2026-04-07</subfield>
    <subfield code="l">0</subfield>
    <subfield code="o">P303.4 C266</subfield>
    <subfield code="p">L126873</subfield>
    <subfield code="r">2026-04-07 15:57:20</subfield>
    <subfield code="w">2026-04-07</subfield>
    <subfield code="y">L</subfield>
  </datafield>
</record>
